Filosofía del derecho

Gespeichert in:
Bibliographische Detailangaben
1. Verfasser: Radbruch, Gustavo (VerfasserIn)
Format: Buch
Sprache:Spanisch
Veröffentlicht: Madrid Revista de Derecho Privado 1959
Ausgabe:4a. ed
Schriftenreihe:C. Tratados Fundamentales de Derecho Privado y Publico, 7
Schlagworte:
Tags: Tag hinzufügen
Keine Tags, Fügen Sie den ersten Tag hinzu!

MARC

LEADER 00000nam a2200000 a 4500
001 UCS6595
003 CL-VaPUC
008 970926e19590000SP |||||||||||||||||spa|d
082 0 4 |a 340.1  |b RAD  |2 21 
100 |a Radbruch, Gustavo   |e author  |9 256666 
245 1 0 |a Filosofía del derecho 
250 |a 4a. ed 
300 |a 278 p 
942 |c BK 
945 |d 19970926 00:00:00  |a lriquelm 
260 |a Madrid  |b Revista de Derecho Privado  |c 1959 
650 0 |a Filosofía del derecho   |9 255050 
650 7 |a DERECHO  |2 CL-VaPUC  |9 391932 
650 0 |a Ética  |9 255099 
650 0 |a Ciencia del Derecho  |9 391907 
650 0 |a Estética   |9 264950 
650 0 |a Derecho público   |9 255910 
650 0 |a Derecho privado  |9 258243 
650 0 |a Estado de derecho  |9 257795 
650 0 |a Pena de muerte  |9 256612 
650 7 |a DERECHO PENAL  |2 CL-VaPUC  |9 11 
650 0 |a Derecho sucesorio  |9 255015 
650 0 |a Propiedad   |9 255268 
650 0 |a Contratos  |9 255153 
650 7 |a MATRIMONIO  |2 CL-VaPUC  |9 391933 
650 0 |a Derecho internacional  |9 255637 
650 0 |a Guerra  |9 255876 
650 0 |a Derecho eclesiástico  |9 255055 
583 |a last modification  |c 19970926 00:00:00  |k Rodrigo Vera 
490 0 |a C. Tratados Fundamentales de Derecho Privado y Publico, 7 
999 |c 262240  |d 262238 
952 |0 0  |1 0  |4 0  |6 340_100000000000000_RAD_1959  |7 0  |8 DER_TF  |9 290502  |a BIBDER  |b BIBDER  |d 2019-11-19  |i 1885626  |o 340.1 RAD 1959  |p 1885626  |r 2023-01-25  |w 2019-11-19  |x Ubicación 4to Piso  |y BK  |z Estos recursos deben solicitarse con anticipación  |k DER